| 000 -LEADER |
| fixed length control field |
01064nam a22002177a 4500 |
| 003 - CONTROL NUMBER IDENTIFIER |
| control field |
OSt |
| 005 - DATE AND TIME OF LATEST TRANSACTION |
| control field |
20181206111809.0 |
| 008 - FIXED-LENGTH DATA ELEMENTS--GENERAL INFORMATION |
| fixed length control field |
180313b xxu||||| |||| 00| 0 spa d |
| 020 ## - INTERNATIONAL STANDARD BOOK NUMBER |
| International Standard Book Number |
8425908558 |
| 040 ## - CATALOGING SOURCE |
| Transcribing agency |
PJ |
| 100 ## - ASIENTO PRINCIPAL - NOMBRE DE PERSONA |
| 9 (RLIN) |
160 |
| Personal name |
Navarro, Pablo Eugenio |
| 245 13 - MENCIÓN DE TÍTULO |
| Título propiamente dicho |
La eficacia del derecho : |
| Parte restante del título |
una investigación sobre la existencia y funcionamiento de los sistemas jurídicos / |
| Mención de responsabilidad, etc |
Pablo Eugenio Navarro. |
| 260 ## - PUBLICATION, DISTRIBUTION, ETC. (IMPRINT) |
| Place of publication, distribution, etc |
Madrid : |
| Name of publisher, distributor, etc |
Centro de Estudios Constitucionales, |
| Date of publication, distribution, etc |
1990. |
| 300 ## - DESCRIPCION FISICA |
| Extent |
99 p. |
| Dimensions |
21cm |
| 490 ## - MENCION DE SERIE |
| Mención de Serie |
El derecho y la Justicia |
| Designación numérica/secuencial del volumen |
16 |
| 500 ## - NOTA GENERAL |
| General note |
Citas y notas bibliográficas a pie de página. |
| 504 ## - NOTA DE BIBLIOGRAFÍA, ETC. |
| Bibliography, etc |
Bibliografía: p. 97-99 |
| 505 ## - FORMATTED CONTENTS NOTE |
| Formatted contents note |
Contenido: <br/>I. Eficacia y normas jurídicas -- II. Imperativo jurídico y concepción expresiva de las normas -- III. Actitudes normativas y sistemas jurídicos -- IV. Eficacia, tiempo y correspondencia -- V. Principio de eficacia y existencia de los sistemas jurídicos -- VI. Eficacia y funcionamiento del derecho. |
| 650 ## - ASIENTO SECUNDARIO DE MATERIA - TERMINO TEMATICO |
| Topical term or geographic name as entry element |
DERECHO EN GENERAL |
| 9 (RLIN) |
209 |
| 942 ## - ADDED ENTRY ELEMENTS (KOHA) |
| Source of classification or shelving scheme |
|
| Koha item type |
Libros |
| Classification part |
340.11 |
| Item part |
NAV |